Guía oficial de las aguas minero-medicinales y establecimientos balnearios de España / (Record no. 102298)

MARC details
000 -LEADER
campo de control de longitud fija 00721nam a2200181 i 4500
001 - NÚMERO DE CONTROL
campo de control 102298
003 - IDENTIFICADOR DE NÚMERO DE CONTROL
campo de control ES-MaACL
007 - CAMPO FIJO DE DESCRIPCIÓN FÍSICA--INFORMACIÓN GENERAL
campo de control de longitud fija t|
008 - DATOS DE LONGITUD FIJA--INFORMACIÓN GENERAL
campo de control de longitud fija 051108m19061913sp ||||1| spa d
100 1# - ENTRADA PRINCIPAL--NOMBRE DE PERSONA
Nombre de persona Menéndez y Fernández, Carlos.
9 (RLIN) 80330
245 10 - MENCIÓN DEL TÍTULO
Título Guía oficial de las aguas minero-medicinales y establecimientos balnearios de España /
Mención de responsabilidad, etc. por D. Carlos Menéndez y Fernández, D. Emilio de Miguel y Paredes y Fernando Martínez Carrillo.
260 ## - PUBLICACIÓN, DISTRIBUCIÓN, ETC.
Lugar de publicación, distribución, etc. Madrid :
Nombre del editor, distribuidor, etc. [s.n.],
Fecha de publicación, distribución, etc. 1906-1913 (
Fabricante Imp. Hijos de J. A. García)
300 ## - DESCRIPCIÓN FÍSICA
Extensión 2 v. ;
Dimensiones 22 cm.
500 ## - NOTA GENERAL
Nota general Son los años 1906 y 1913.
700 1# - ENTRADA AGREGADA--NOMBRE PERSONAL
Nombre de persona Miguel y Paredes, Emilio de.
9 (RLIN) 81039
700 1# - ENTRADA AGREGADA--NOMBRE PERSONAL
Nombre de persona Martínez Carrillo, Fernando.
9 (RLIN) 77932
852 ## - LOCALIZACIÓN
Ubicación ES-MaACL
Número de control de estantería G-1381-82
Holdings
Estatus retirado Estado de pérdida Estado de daño No para préstamo Biblioteca de origen Biblioteca actual Ubicación en estantería Fecha de adquisición Fuente de adquisición Total de préstamos Signatura topográfica completa Código de barras Visto por última vez Precio de reemplazo Tipo de ítem Koha
        Biblioteca del Ateneo de Madrid Biblioteca del Ateneo de Madrid Depósito 2 17/01/2008     G-1381-82 1106785 23/02/2023 23/02/2023 Libro impreso